000 01034nam a2200265Ia 4500
003 OSt
005 20220923224315.0
006 a|||||r|||| 00| 0
007 ta
008 220922b |||||||| |||| 00| 0 hin d
024 _a230,892
037 _cTextual
040 _aARTS
_cARTS
_bhin
041 _2hin
_ahin
082 _aO168,1M99w, 152N2
100 _aहाल्दार, गोपाल; भारद्वाज, विनोद, अनु.
_9167900
245 0 _aकाज़ी नज़रूल इस्लाम
246 _aKāज़ī naज़rūl islāma
260 _aनई दिल्ली
_b साहित्य अकादमी
_c1992
300 _a62पृ.
_ccm.
490 _aभारतीय साहित्य के निर्माता
650 _aउर्दू साहित्य
942 _hO168,1M99w, 152N2
_cTEXL
_2CC
999 _c370541
_d370541